| 000 | 00838nam a2200253Ia 4500 | ||
|---|---|---|---|
| 003 | OSt | ||
| 005 | 20220925215808.0 | ||
| 006 | a|||||r|||| 00| 0 | ||
| 007 | ta | ||
| 008 | 220923b |||||||| |||| 00| 0 eng d | ||
| 020 | _a0719524318 | ||
| 037 | _cGeneral Book | ||
| 040 |
_aRTL _cRTL _beng |
||
| 041 |
_2eng _aeng |
||
| 082 | _aU8:245K.N6, L2 | ||
| 100 |
_aChetwode Penelope _9283587 |
||
| 245 | 0 |
_aKulu _b The end of the habitable world |
|
| 260 |
_aLondon _bJohn Murray U K _c1972 |
||
| 300 |
_ax,233p. P.22,23,38,39,46,47,86,87,102,103,118,119,126,134,135,150,151,166,167,174,175,182,183,198,199,. _ccm. |
||
| 500 | _aBibliography p. 221-25; Glossary p. 215-20; Index:P227-233 | ||
| 650 |
_aTravels _9238248 |
||
| 942 |
_hU8:245K.N6, L2 _cGB _2CC |
||
| 999 |
_c569776 _d569776 |
||